000 00401nam a22001577a 4500
003 OSt
008 240323b |||||||| |||| 00| 0 eng d
020 _a9788119100019
082 _a621 EAM
100 _aMADE EASY PUBLICATIONS
245 _aGATE-2024 Previous Solved Papers Mechanical Engineering
250 _a10th Ed
260 _aNew Delhi
_bMade Easy
_c2023
300 _a788
942 _2ddc
_cREF
999 _c12289
_d12289